Lectures on gardening /
Saved in:
| Main Author: | |
|---|---|
| Format: | Book |
| Language: | English |
| Published: |
Boston, Mass. :
H. M. Pope,
[1923?]
|
| Subjects: | |
| Tags: |
Add Tag
No Tags, Be the first to tag this record!
|
| LEADER | 00427nam a22001577u 4500 | ||
|---|---|---|---|
| 001 | 000000219-4 | ||
| 005 | 20020606090541.3 | ||
| 008 | 821202|1923 ||||||| |||| |0||||eng|d | ||
| 035 | 0 | |a ocm81605920 | |
| 100 | 1 | |a Pope, Henrietta Marquis. | |
| 245 | 1 | 0 | |a Lectures on gardening / |c by Henrietta Marquis Pope. |
| 260 | 0 | |a Boston, Mass. : |b H. M. Pope, |c [1923?] | |
| 300 | |a [5] p. ; |c 16 cm. | ||
| 650 | 0 | |a Gardening. | |
| 988 | |a 20020608 | ||
| 906 | |0 MH | ||


